banner-ar

مجموعة المحررات السياسية والمفاوضات الدولية عن سوريا ولبنان / (Record no. 63439)

MARC details
000 -الفاتح
حقل البيانات ثابتة الطول 00824nam a2200229Ia 4500
005 - وقت وتاريخ اخر تعامل مع التسجيلة
رقم الضبط 20240530110641.0
008 - عناصر البيانات ثابتة الطول - معلومات عامة
حقل البيانات ثابتة الطول 140319s9999 xx 000 0 ara d
040 ## - مصدر الفهرسة
وكالة الفهرسة الأصلية GCL /
وكالة النسخ GCL
082 ## - رقم تصنيف ديوى العشرى
رقم الطبعة 21
رقم التصنيف 956.501\
رقم المادة ف م
100 1# - المدخل الرئيسى - إسم شخصى
الإسم الشخصى فيليب الخازن
245 10 - بيان العنوان
العنوان مجموعة المحررات السياسية والمفاوضات الدولية عن سوريا ولبنان /
بيان المسئوليه,etc فيليب الخازن
260 ## - PUBLICATION, DISTRIBUTION, ETC. (IMPRINT)
تاريخ النشر أو التوزيع 1983
650 04 - المدخل الاضافى بالموضوع-مصطلح موضوعى
مصطلح موضوعي تاريخ
650 04 - المدخل الاضافى بالموضوع-مصطلح موضوعى
مصطلح موضوعي سوريا
650 04 - المدخل الاضافى بالموضوع-مصطلح موضوعى
مصطلح موضوعي لبنان
650 04 - المدخل الاضافى بالموضوع-مصطلح موضوعى
مصطلح موضوعي الامبراطورية العثمانية
650 04 - المدخل الاضافى بالموضوع-مصطلح موضوعى
مصطلح موضوعي الاستعمار فى البلاد العربية
650 04 - المدخل الاضافى بالموضوع-مصطلح موضوعى
مصطلح موضوعي الوثائق الدبلوماسية
700 1# - المدخل الاضافى - اسم شخصى
الإسم الشخصى فريد الخازن (مترجم)
942 ## - عناصر المدخل الإضافي( كوها)
مصدر التصنيف او مخطط الترفيف Dewey Decimal Classification
Koha [default] item type كتاب
260 ## - PUBLICATION, DISTRIBUTION, ETC. (IMPRINT)
-- [S.N] :
-- دار الرائد اللبنانى ،
Holdings
حالة التراجع حالة الفقد مصدر التصنيف او خطة الترفيف حالة تلف ليس للاعارة المكان المؤقت الموقع الحالى تاريخ الاكتساب اجمالي اﻻعارات رقم الطلب الباركود تاريخ اخر مشاهدة تاريخ تفعيل السعر نوع وعاء كوها
    ddc     مكتبة القاهرة الكبرى مكتبة القاهرة الكبرى 10/16/2017   956.501\ ف م 163461 10/16/2017 10/16/2017 كتاب
    ddc     مكتبة القاهرة الكبرى مكتبة القاهرة الكبرى 10/16/2017   956.501\ ف م 163462 10/16/2017 10/16/2017 كتاب
    ddc     مكتبة القاهرة الكبرى مكتبة القاهرة الكبرى 10/16/2017   956.501\ ف م 163463 10/16/2017 10/16/2017 كتاب
    ddc     مكتبة القاهرة الكبرى مكتبة القاهرة الكبرى 10/16/2017   956.501\ ف م 163464 10/16/2017 10/16/2017 كتاب
    ddc     مكتبة القاهرة الكبرى مكتبة القاهرة الكبرى 10/16/2017   956.501\ ف م 163465 10/16/2017 10/16/2017 كتاب
    ddc     مكتبة القاهرة الكبرى مكتبة القاهرة الكبرى 10/16/2017   956.501\ ف م 163466 10/16/2017 10/16/2017 كتاب

Powered By

EGPV